Ideas into practice: update on the National Register (Record no. 65816)

MARC details
000 -LEADER
fixed length control field 00988cam a2200205 4500
001 - CONTROL NUMBER
control field ABS63369
008 - FIXED-LENGTH DATA ELEMENTS--GENERAL INFORMATION
fixed length control field 000000n2000 000 0 eng u
035 ## - SYSTEM CONTROL NUMBER
System control number (Sirsi) u110395
110 ## - MAIN ENTRY--CORPORATE NAME
Corporate name or jurisdiction name as entry element Centre for Accessible Environments
245 ## - TITLE STATEMENT
Title Ideas into practice: update on the National Register
260 ## - PUBLICATION, DISTRIBUTION, ETC.
Date of publication, distribution, etc. 2000
490 ## - SERIES STATEMENT
Series statement Access by Design
Volume/sequential designation (85) Winter 2000, 8-10(3)
520 ## - SUMMARY, ETC.
Summary, etc. Discusses the Centre for Accessible Environments' project to establish the National Register of Access Consultants, which was officially launched to clients on 12 September 2000, including its background, aims and function; the benefits for clients and members; the application process; and its future development.
590 ## - LOCAL NOTE (RLIN)
Local note ABS
650 ## - SUBJECT ADDED ENTRY--TOPICAL TERM
Topical term or geographic name entry element NATIONAL REGISTER OF ACCESS CONSULTANTS
650 ## - SUBJECT ADDED ENTRY--TOPICAL TERM
Topical term or geographic name entry element MANAGEMENT-BUSINESS MANAGEMENT-DISCRIMINATION-DISABILITY DISCRIMINATION-ACCESSIBILITY-ACCESS AUDITS
650 ## - SUBJECT ADDED ENTRY--TOPICAL TERM
Topical term or geographic name entry element DISABILITY DISCRIMINATION ACT 1995
690 ## - LOCAL SUBJECT ADDED ENTRY--TOPICAL TERM (OCLC, RLIN)
Topical term or geographic name as entry element BUILT ENVIRONMENT
942 ## - ADDED ENTRY ELEMENTS (KOHA)
Suppress in OPAC 0
Holdings
Withdrawn status Lost status Source of classification or shelving scheme Damaged status Not for loan Home library Current library Shelving location Date acquired Total Checkouts Full call number Barcode Date last seen Copy number Price effective from Koha item type
    Dewey Decimal Classification     London London Journal article 16/01/2001   ABS63369 110395-1001 06/08/2019 1 06/08/2019 Journal article